African Countries With Official Languages Native to Africa - Statistics

General Stats
  • This quiz has been taken 289 times
    264 since last reset
  • The average score is 17 of 19
Answer Stats
Language Country % Correct
Swazi Eswatini
96%
Amharic Ethiopia
96%
Somali Somalia
96%
Zulu, Venda... South Africa
96%
Comorian Comoros
95%
Berber Algeria
94%
Tswana Botswana
94%
Malagasy Madagascar
94%
Swahilli Kenya
93%
Seychellois Seychelles
93%
Kirundi Burundi
92%
Sotho Lesotho
92%
Berber Morocco
92%
Kinyarwanda Rwanda
90%
Swahilli Tanzania
90%
Swahilli Uganda
89%
Shona, Ndebele... Zimbabwe
85%
Sango Central African Republic
75%
Chewa Malawi
75%
No matching quizzes found
Score Distribution
Percent of People with Each Score
Percentile by Number Answered
Your Score History
You have not taken this quiz since the last reset